000 00905nam a2200217Ia 4500
001 7835
003 GE_BSU
008 181216s||||||||xx |||||||||||||| ||und||
040 _cGE_BSU
245 _aგადასახადები და აღრიცხვა :№18.2013
245 _bმეთოდურ-პრაქტიკული ჟურნალი
245 _cმთ.რედ.: კოტე უბირია.
260 _aთბილისი
260 _bგამომცემელი: კომპანია "ჟურნალი გადასახადები და აღრიცხვა
260 _c2013
300 _a54გვ;28სმ.
520 _aგამოდის თვეში ორჯერ.
653 _aგადასახადები და აღრიცხვა.
653 _aპერიოდიკა
942 _cCR
999 _c41184
_d41184